<?xml version="1.0" encoding="UTF-8"?>
<record
    xmlns:xsi="http://www.w3.org/2001/XMLSchema-instance"
    xsi:schemaLocation="http://www.loc.gov/MARC21/slim http://www.loc.gov/standards/marcxml/schema/MARC21slim.xsd"
    xmlns="http://www.loc.gov/MARC21/slim">

  <leader>02011nam a2200265 a 4500</leader>
  <controlfield tag="001">000014066</controlfield>
  <controlfield tag="005">20200929163447.0</controlfield>
  <controlfield tag="008">091203s2006    dr a          000 0 spa d</controlfield>
  <datafield tag="020" ind1=" " ind2=" ">
    <subfield code="z">9993432067</subfield>
  </datafield>
  <datafield tag="040" ind1=" " ind2=" ">
    <subfield code="a">DO-SdBNP</subfield>
    <subfield code="b">spa</subfield>
    <subfield code="c">BNPHU</subfield>
  </datafield>
  <datafield tag="082" ind1=" " ind2=" ">
    <subfield code="a">331.88097293</subfield>
    <subfield code="b">G633s</subfield>
  </datafield>
  <datafield tag="100" ind1="1" ind2=" ">
    <subfield code="a">G&#xF3;mez Cerda, Jos&#xE9;,</subfield>
    <subfield code="9">8583</subfield>
  </datafield>
  <datafield tag="245" ind1="1" ind2="3">
    <subfield code="a">El sindicalismo en la Rep&#xFA;blica Dominicana /</subfield>
    <subfield code="c">Jos&#xE9; G&#xF3;mez Cerda ; pr&#xF3;logo Henry Molina.</subfield>
  </datafield>
  <datafield tag="260" ind1=" " ind2=" ">
    <subfield code="a">Santo Domingo :</subfield>
    <subfield code="b">Argos,</subfield>
    <subfield code="c">2006.</subfield>
  </datafield>
  <datafield tag="300" ind1=" " ind2=" ">
    <subfield code="a">151 p. :</subfield>
    <subfield code="b">il. ;</subfield>
    <subfield code="c">23 cm.</subfield>
  </datafield>
  <datafield tag="500" ind1=" " ind2=" ">
    <subfield code="a">Incluye datos biogr&#xE1;ficos del autor en las solapas</subfield>
  </datafield>
  <datafield tag="505" ind1="0" ind2=" ">
    <subfield code="a">Pr&#xF3;logo --</subfield>
    <subfield code="t">LOS ANTECEDENTES --</subfield>
    <subfield code="t">HISTORIA DEL SINDICALISMO DOMINICANO 1961-1979 --</subfield>
    <subfield code="t">SITUACION ECONOMICA --</subfield>
    <subfield code="t">Turismo --</subfield>
    <subfield code="t">Las remesas de dominicanos en el exterior --</subfield>
    <subfield code="t">El Tratado de Libre Comercio --</subfield>
    <subfield code="t">EL SISTEMA DE SEGURIDAD SOCIAL DOMINICANO --</subfield>
    <subfield code="t">Los fondos de pensiones --</subfield>
    <subfield code="t">Las viviendas y los trabajadores --</subfield>
    <subfield code="t">EL ENTORNO INTERNACIONAL --</subfield>
    <subfield code="t">Los trabajadores dominicanos y el Tratado de Libre Comercio (TLC) --</subfield>
    <subfield code="t">El caso de Chile --</subfield>
    <subfield code="t">El caso de M&#xE9;xico --</subfield>
    <subfield code="t">El desarrollo de los recursos humanos --</subfield>
    <subfield code="t">Proceso de unidad en el Caribe --</subfield>
    <subfield code="t">Remesas --</subfield>
    <subfield code="t">EL TRABAJO Y EL SINDICALISMO --</subfield>
    <subfield code="t">El trabajo humano --</subfield>
    <subfield code="t">El movimiento de los trabajadores --</subfield>
    <subfield code="t">Sindicalismo humanista --</subfield>
    <subfield code="t">Sindicalismo aut&#xF3;nomo --</subfield>
    <subfield code="t">Sindicalismo ideol&#xF3;gico --</subfield>
    <subfield code="t">Sindicalismo y competitividad --</subfield>
    <subfield code="t">LA EDUCACION Y LAS COMUNICACIONES --</subfield>
    <subfield code="t">La educaci&#xF3;n permanente --</subfield>
    <subfield code="t">Cultura y globalizaci&#xF3;n --</subfield>
    <subfield code="t">El movimiento de trabajadores y las comunicaciones electr&#xF3;nicas --</subfield>
    <subfield code="t">CONCLUSI&#xD3;N --</subfield>
    <subfield code="t">Actualidad sindical --</subfield>
    <subfield code="t">Los cuadros militantes del sindicalismo --</subfield>
    <subfield code="t">Modernizaci&#xF3;n del sindicalismo.</subfield>
  </datafield>
  <datafield tag="590" ind1=" " ind2=" ">
    <subfield code="a">La biblioteca posee un ejemplar autografiado por el autor.</subfield>
  </datafield>
  <datafield tag="590" ind1=" " ind2=" ">
    <subfield code="a">Inventariado, 2018/VM</subfield>
  </datafield>
  <datafield tag="650" ind1=" " ind2="4">
    <subfield code="a">Sindicalismo</subfield>
    <subfield code="z">Rep&#xFA;blica Dominicana</subfield>
    <subfield code="x">Historia</subfield>
    <subfield code="9">31867</subfield>
  </datafield>
  <datafield tag="650" ind1=" " ind2="4">
    <subfield code="a">Trabajo y trabajadores</subfield>
    <subfield code="z">Rep&#xFA;blica Dominicana</subfield>
    <subfield code="9">7272</subfield>
  </datafield>
  <datafield tag="650" ind1=" " ind2="4">
    <subfield code="a">Derechos de los trabajadores</subfield>
    <subfield code="9">10032</subfield>
  </datafield>
  <datafield tag="700" ind1="1" ind2=" ">
    <subfield code="a">Molina, Henry,</subfield>
    <subfield code="e">pr&#xF3;l.</subfield>
    <subfield code="9">7271</subfield>
  </datafield>
  <datafield tag="910" ind1=" " ind2=" ">
    <subfield code="a">Validado. Control de calidad MFF</subfield>
  </datafield>
  <datafield tag="952" ind1=" " ind2=" ">
    <subfield code="0">0</subfield>
    <subfield code="1">0</subfield>
    <subfield code="5">4</subfield>
    <subfield code="7">0</subfield>
    <subfield code="8">DS</subfield>
    <subfield code="a">GR</subfield>
    <subfield code="b">GR</subfield>
    <subfield code="c">HD</subfield>
    <subfield code="d">2010-11-29</subfield>
    <subfield code="i">LF1</subfield>
    <subfield code="l">0</subfield>
    <subfield code="o">331.88097293 G633s</subfield>
    <subfield code="p">14066-40</subfield>
    <subfield code="r">2020-06-25</subfield>
    <subfield code="t">e. 4</subfield>
    <subfield code="w">2020-06-25</subfield>
    <subfield code="y">LFDS</subfield>
    <subfield code="Z">Pr&#xE9;stamo en sala</subfield>
  </datafield>
  <datafield tag="952" ind1=" " ind2=" ">
    <subfield code="0">0</subfield>
    <subfield code="1">0</subfield>
    <subfield code="5">4</subfield>
    <subfield code="7">0</subfield>
    <subfield code="8">DS</subfield>
    <subfield code="a">GR</subfield>
    <subfield code="b">GR</subfield>
    <subfield code="c">HD</subfield>
    <subfield code="d">2010-11-29</subfield>
    <subfield code="i">LF1</subfield>
    <subfield code="l">0</subfield>
    <subfield code="o">331.88097293 G633s</subfield>
    <subfield code="p">14066-50</subfield>
    <subfield code="r">2020-06-25</subfield>
    <subfield code="t">e. 5</subfield>
    <subfield code="w">2020-06-25</subfield>
    <subfield code="y">LFDS</subfield>
    <subfield code="Z">Pr&#xE9;stamo en sala</subfield>
  </datafield>
  <datafield tag="952" ind1=" " ind2=" ">
    <subfield code="0">0</subfield>
    <subfield code="1">0</subfield>
    <subfield code="5">4</subfield>
    <subfield code="7">0</subfield>
    <subfield code="8">DS</subfield>
    <subfield code="a">GR</subfield>
    <subfield code="b">GR</subfield>
    <subfield code="c">HD</subfield>
    <subfield code="d">2009-12-03</subfield>
    <subfield code="i">LF1</subfield>
    <subfield code="l">0</subfield>
    <subfield code="o">331.88097293 G633s</subfield>
    <subfield code="p">14066-30</subfield>
    <subfield code="r">2020-06-25</subfield>
    <subfield code="t">e. 3</subfield>
    <subfield code="w">2020-06-25</subfield>
    <subfield code="y">LFDS</subfield>
    <subfield code="Z">Pr&#xE9;stamo en sala</subfield>
  </datafield>
  <datafield tag="952" ind1=" " ind2=" ">
    <subfield code="0">0</subfield>
    <subfield code="1">0</subfield>
    <subfield code="7">1</subfield>
    <subfield code="8">PD</subfield>
    <subfield code="a">PD</subfield>
    <subfield code="b">PD</subfield>
    <subfield code="c">HD</subfield>
    <subfield code="d">2009-12-03</subfield>
    <subfield code="i">LF1</subfield>
    <subfield code="l">0</subfield>
    <subfield code="o">331.88097293 G633s</subfield>
    <subfield code="p">14066-10</subfield>
    <subfield code="r">2020-06-25</subfield>
    <subfield code="w">2020-06-25</subfield>
    <subfield code="y">LFPD</subfield>
    <subfield code="Z">No se presta</subfield>
  </datafield>
  <datafield tag="952" ind1=" " ind2=" ">
    <subfield code="0">0</subfield>
    <subfield code="1">0</subfield>
    <subfield code="7">1</subfield>
    <subfield code="8">PD</subfield>
    <subfield code="a">PD</subfield>
    <subfield code="b">PD</subfield>
    <subfield code="c">HD</subfield>
    <subfield code="d">2009-12-03</subfield>
    <subfield code="i">LF1</subfield>
    <subfield code="l">0</subfield>
    <subfield code="o">331.88097293 G633s</subfield>
    <subfield code="p">14066-20</subfield>
    <subfield code="r">2020-06-25</subfield>
    <subfield code="t">e. 2</subfield>
    <subfield code="w">2020-06-25</subfield>
    <subfield code="y">LFPD</subfield>
    <subfield code="Z">No se presta</subfield>
  </datafield>
  <datafield tag="999" ind1=" " ind2=" ">
    <subfield code="c">13668</subfield>
    <subfield code="d">13668</subfield>
  </datafield>
</record>
